[Event "Zuerich Chess Challenge Blitz2 6th"]
[Site "Zuerich"]
[Date "2017.04.17"]
[Round "1"]
[White "Anand, Viswanathan"]
[Black "Kramnik, Vladimir"]
[Result "1/2-1/2"]
[WhiteElo "2786"]
[BlackElo "2811"]
[PlyCount "45"]
[EventDate "2017.04.17"]
[EventType "tourn (blitz)"]
[EventRounds "7"]
[EventCountry "SUI"]
[EventCategory "19"]
[SourceTitle "CBM 178"]
[Source "ChessBase"]
[SourceDate "2017.05.14"]
[SourceVersion "1"]
[SourceVersionDate "2017.05.14"]
[SourceQuality "1"]

1. e4 e5 2. Nf3 Nc6 3. Bc4 Bc5 4. c3 Nf6 5. d3 d6 6. a4 a6 7. O-O h6 8. Na3 O-O
9. Nc2 Re8 10. Re1 Ba7 11. Be3 Bb8 12. Qd2 Ng4 13. b4 Ne7 14. d4 Ng6 15. dxe5
Nxe3 16. Nxe3 Nxe5 17. Nxe5 Rxe5 18. Qa2 Be6 19. Bxe6 Rxe6 20. Nf5 Ba7 21. Nd4
Re5 22. Nf3 Re6 23. Nd4 1/2-1/2

[Event "Zuerich Chess Challenge Blitz2 6th"]
[Site "Zuerich"]
[Date "2017.04.17"]
[Round "2"]
[White "Nepomniachtchi, Ian"]
[Black "Kramnik, Vladimir"]
[Result "1-0"]
[WhiteElo "2751"]
[BlackElo "2811"]
[PlyCount "157"]
[EventDate "2017.04.17"]
[EventType "tourn (blitz)"]
[EventRounds "7"]
[EventCountry "SUI"]
[EventCategory "19"]
[SourceTitle "CBM 178"]
[Source "ChessBase"]
[SourceDate "2017.05.14"]
[SourceVersion "1"]
[SourceVersionDate "2017.05.14"]
[SourceQuality "1"]

1. c4 e6 2. Nc3 d5 3. d4 Nf6 4. cxd5 exd5 5. Bg5 c6 6. Qc2 h6 7. Bh4 Be7 8. e3
O-O 9. Bd3 Re8 10. Nge2 Nh5 11. Bxe7 Qxe7 12. O-O Nd7 13. Rae1 Nf8 14. Nc1 Nf6
15. Nb3 Ne6 16. f3 a5 17. Na4 Qd8 18. Nbc5 Nf8 19. Qb3 b5 20. Nc3 Ne6 21. Nxe6
Bxe6 22. Qc2 Qb6 23. Qf2 a4 24. Rc1 b4 25. Ne2 Ra5 26. h3 c5 27. dxc5 Rxc5 28.
e4 Nd7 29. Rxc5 Qxc5 30. Rc1 Qxf2+ 31. Kxf2 Ne5 32. Bb5 Rb8 33. Rc5 Bd7 34. Ba6
Rb6 35. Rxd5 f6 36. Ra5 g5 37. g3 Kf8 38. Nd4 Rd6 39. f4 gxf4 40. gxf4 Rxd4 41.
fxe5 Rxe4 42. exf6 Rf4+ 43. Ke3 Rxf6 44. Bb5 Bxh3 45. Rxa4 Be6 46. b3 h5 47.
Rxb4 Ke7 48. Be2 Rf5 49. Rh4 Ra5 50. Re4 Kf6 51. b4 Ra3+ 52. Kd4 Bf5 53. Rh4
Rxa2 54. Bxh5 Rd2+ 55. Kc3 Rd3+ 56. Kc4 Kg5 57. Rh2 Rd8 58. Bf3 Kf4 59. Bc6 Rd1
60. b5 Bd3+ 61. Kc5 Rc1+ 62. Kd4 Bxb5 63. Bxb5 Kg5 64. Rf2 Re1 65. Be2 Ra1 66.
Bf3 Kf4 67. Be4+ Kg3 68. Rf8 Ra4+ 69. Ke3 Ra3+ 70. Bd3 Kg4 71. Rg8+ Kh5 72. Ke4
Ra4+ 73. Kf5 Kh4 74. Be4 Kh3 75. Kf4 Kh2 76. Rg2+ Kh3 77. Rg1 Ra2 78. Rg8 Kh2
79. Rh8+ 1-0

[Event "Zuerich Chess Challenge Blitz2 6th"]
[Site "Zuerich"]
[Date "2017.04.17"]
[Round "3"]
[White "Kramnik, Vladimir"]
[Black "Gelfand, Boris"]
[Result "0-1"]
[WhiteElo "2811"]
[BlackElo "2724"]
[PlyCount "90"]
[EventDate "2017.04.17"]
[EventType "tourn (blitz)"]
[EventRounds "7"]
[EventCountry "SUI"]
[EventCategory "19"]
[SourceTitle "CBM 178"]
[Source "ChessBase"]
[SourceDate "2017.05.14"]
[SourceVersion "1"]
[SourceVersionDate "2017.05.14"]
[SourceQuality "1"]

1. Nf3 d5 2. e3 Nf6 3. d4 c5 4. Nbd2 Nc6 5. dxc5 e6 6. a3 a5 7. b3 Bxc5 8. Bb2
O-O 9. Bb5 Qe7 10. O-O Bd6 11. Re1 e5 12. e4 Nxe4 13. Nxe4 dxe4 14. Rxe4 Bf5
15. Re1 Rfd8 16. Qe2 f6 17. Nh4 Be6 18. Bd3 Bc5 19. Kh1 Nd4 20. Qe4 g6 21. f4
Bd5 22. Bc4 Bxc4 23. bxc4 f5 24. Qxe5 Qxe5 25. Rxe5 Nxc2 26. Rxc5 Nxa1 27. h3
Rac8 28. Rb5 Rd7 29. Nf3 Nc2 30. Ne5 Re7 31. c5 Ne3 32. Rxa5 Nd5 33. g3 Nf6 34.
Kg2 Ne4 35. Bd4 Rec7 36. h4 Nxc5 37. Rb5 Ne4 38. h5 gxh5 39. Nf3 Rc1 40. Ng1
R8c2+ 41. Kh3 Nf2+ 42. Kh4 Rxg1 43. Rxb7 Rh1+ 44. Kg5 Ne4+ 45. Kh6 Rc6+ 0-1

[Event "Zuerich Chess Challenge Blitz2 6th"]
[Site "Zuerich"]
[Date "2017.04.17"]
[Round "5"]
[White "Kramnik, Vladimir"]
[Black "Pelletier, Yannick"]
[Result "1/2-1/2"]
[WhiteElo "2811"]
[BlackElo "2541"]
[PlyCount "92"]
[EventDate "2017.04.17"]
[EventType "tourn (blitz)"]
[EventRounds "7"]
[EventCountry "SUI"]
[EventCategory "19"]
[SourceTitle "CBM 178"]
[Source "ChessBase"]
[SourceDate "2017.05.14"]
[SourceVersion "1"]
[SourceVersionDate "2017.05.14"]
[SourceQuality "1"]

1. Nf3 Nf6 2. d4 d5 3. e3 e6 4. Bd3 Bd6 5. Nbd2 b6 6. e4 dxe4 7. Nxe4 Nxe4 8.
Bxe4 c6 9. Bg5 Qc7 10. Qd2 Bb7 11. O-O Nd7 12. Rfe1 h6 13. Bh4 Nf6 14. Bxf6
gxf6 15. c4 O-O-O 16. b4 f5 17. Bd3 c5 18. bxc5 Bf4 19. Qe2 Bxf3 20. Qxf3 Rxd4
21. cxb6 axb6 22. c5 Rhd8 23. Ba6+ Kd7 24. cxb6 Qxb6 25. Bf1 Ke7 26. a4 Bd2 27.
Reb1 Qc5 28. g3 Ba5 29. Rb5 Qc3 30. Qxc3 Bxc3 31. Ra3 Be1 32. Be2 R4d5 33. Kf1
Rxb5 34. axb5 Bb4 35. Ra4 Bc5 36. Rh4 Ra8 37. Rc4 Kd6 38. Rc2 Ra1+ 39. Kg2 Ra4
40. Rd2+ Rd4 41. Ra2 Rb4 42. Ra6+ Kd5 43. Rc6 Rb2 44. Kf1 Rb1+ 45. Kg2 Rb2 46.
Kf1 Rb1+ 1/2-1/2

[Event "Zuerich Chess Challenge Blitz2 6th"]
[Site "Zuerich"]
[Date "2017.04.17"]
[Round "6"]
[White "Oparin, Grigoriy"]
[Black "Kramnik, Vladimir"]
[Result "0-1"]
[WhiteElo "2604"]
[BlackElo "2811"]
[PlyCount "76"]
[EventDate "2017.04.17"]
[EventType "tourn (blitz)"]
[EventRounds "7"]
[EventCountry "SUI"]
[EventCategory "19"]
[SourceTitle "CBM 178"]
[Source "ChessBase"]
[SourceDate "2017.05.14"]
[SourceVersion "1"]
[SourceVersionDate "2017.05.14"]
[SourceQuality "1"]

1. Nf3 d5 2. g3 g6 3. Bg2 Bg7 4. c4 dxc4 5. Na3 e5 6. Qc2 Ne7 7. Nxc4 Nbc6 8.
O-O O-O 9. d3 Bg4 10. Qb3 Rb8 11. Qa3 Re8 12. Ne3 Bxf3 13. Bxf3 Nd4 14. Qxa7
Nxf3+ 15. exf3 Qxd3 16. Qc5 Nc6 17. Kg2 e4 18. f4 Qe2 19. Nc2 Rbd8 20. Be3 h5
21. h4 Ne7 22. Rae1 Qf3+ 23. Kh2 Nf5 24. Qb5 Re6 25. Qe2 Bxb2 26. Qxf3 exf3 27.
Rb1 Bf6 28. Rxb7 Rc6 29. Nb4 Rc4 30. Ba7 Nh6 31. Na6 Ng4+ 32. Kg1 Ra4 33. Nxc7
Rxa2 34. Bc5 Bd4 35. Bxd4 Rxd4 36. Nb5 Rd3 37. Ra7 Rb2 38. Ra3 Rdd2 0-1

[Event "Zuerich Chess Challenge Blitz2 6th"]
[Site "Zuerich"]
[Date "2017.04.17"]
[Round "7"]
[White "Kramnik, Vladimir"]
[Black "Svidler, Peter"]
[Result "1-0"]
[WhiteElo "2811"]
[BlackElo "2747"]
[PlyCount "75"]
[EventDate "2017.04.17"]
[EventType "tourn (blitz)"]
[EventRounds "7"]
[EventCountry "SUI"]
[EventCategory "19"]
[SourceTitle "CBM 178"]
[Source "ChessBase"]
[SourceDate "2017.05.14"]
[SourceVersion "1"]
[SourceVersionDate "2017.05.14"]
[SourceQuality "1"]

1. Nf3 c5 2. e3 Nf6 3. d4 d5 4. Nbd2 e6 5. b3 cxd4 6. exd4 Bd6 7. Bd3 b6 8. Qe2
Nc6 9. a3 Bb7 10. Bb2 Rc8 11. Ne5 Nd7 12. f4 Qh4+ 13. g3 Qe7 14. O-O O-O 15.
Nxd7 Qxd7 16. f5 exf5 17. Bxf5 Qe8 18. Qd3 Rc7 19. Bxh7+ Kh8 20. Bf5 g6 21. Bh3
Re7 22. Nf3 Bc8 23. Bxc8 Qxc8 24. Rae1 Rxe1 25. Rxe1 Ne7 26. c4 Kg8 27. Kg2 Nf5
28. cxd5 Re8 29. Rxe8+ Qxe8 30. Bc1 Ne7 31. Qe4 Qb5 32. Bf4 Bxa3 33. d6 Nf5 34.
Qa8+ Kg7 35. Be5+ f6 36. Qxa7+ Kh6 37. Bf4+ g5 38. Qf7 1-0

[Event "Gashimov Memorial 4th"]
[Site "Shamkir"]
[Date "2017.04.30"]
[Round "9"]
[White "Eljanov, Pavel"]
[Black "Kramnik, Vladimir"]
[Result "0-1"]
[WhiteElo "2751"]
[BlackElo "2811"]
[Annotator "Moradiabadi,E"]
[PlyCount "126"]
[EventDate "2017.04.21"]
[EventType "tourn"]
[EventRounds "9"]
[EventCountry "AZE"]
[EventCategory "21"]
[SourceTitle "CBM 178"]
[Source "ChessBase"]
[SourceDate "2017.05.14"]
[SourceVersion "1"]
[SourceVersionDate "2017.05.14"]
[SourceQuality "1"]

1. d4 Nf6 2. c4 e6 3. Nf3 d5 {Kramnik loves the QGD so much that I can say he
is addicted to this move order!} 4. g3 {No QGD for today, The Ukrainian opts
for a Catalan instead, but another opening in which Kramnik is considered one
of its main theoreticians!} Be7 (4... dxc4 5. Bg2 {could lead to very sharp
and long theoretically forced lines, where current theory admits that Black is
doing just fine!} a6 (5... Nc6) (5... b5 $6 {is a risky line that Anish Giri
once punished Morozevich for employing!} 6. a4 c6 7. Ne5 Nd5 8. O-O a6 9. axb5
cxb5 10. b3 $1 cxb3 11. Qxb3 Bb7 12. e4 Nf6 13. d5 $1 Bd6 14. Nxf7 (14. dxe6
fxe6 15. Rd1 Qe7 16. Nd3 e5 17. Nxe5 $1 {is more decisive.}) 14... Kxf7 15.
dxe6+ Ke8 16. e5 Bxg2 17. exf6 Qxf6 18. Kxg2 Qxa1 19. Bb2 Qa4 20. Qf3 Ra7 21.
Rc1 Kd8 22. Bf6+ Be7 23. Qd5+ Nd7 24. Bd4 Rc7 25. Qa8+ {1-0 (25) Giri,A (2720)
-Morozevich,A (2748) Beijing 2012})) 5. Bg2 O-O 6. O-O dxc4 {This line is
called the Open Catalan.} 7. Qc2 a6 8. a4 Bd7 9. Qxc4 (9. Rd1 {is another
'less' common though better known line that is losing ground and importance in
contemporary theory for being considered too 'harmless'! The most recent
famous game in this line was between the talented American GM Jeffrey Xiong
against none other than the new Catalan expert, world No.2 Wesley So! You
should read this game's commentary in our US Championship coverage by GM Alex
Yermolinsky!} Bc6 10. Nc3 Bxf3 11. Bxf3 Nc6 12. Bxc6 bxc6 13. Bg5 Rb8 14. e3 c5
15. dxc5 Qe8 16. Rd4 Nd7 17. Bxe7 Qxe7 18. c6 Ne5 19. Qe4 Qc5 20. Nd5 Nd3 21.
Nxc7 Nxf2 22. Kxf2 $2 Rxb2+ $19 {0-1 (31) Xiong,J (2674)-So,W (2822) Saint
Louis 2017}) 9... Bc6 10. Bf4 Nbd7 (10... Nd5 11. Nc3 $5 {and it is 'ok' to
let the pawns be doubled and lose the bishop pair. The reason is that in
exchange, White creates a long-term grip with his spatial advantage.} Nxf4 12.
gxf4 a5 13. Ne5 Bxg2 14. Kxg2 c6 15. Rad1 Na6 16. e3 Nb4 17. Rg1 Nd5 18. Kh1 f6
19. Nf3 $14 {1-0 (30) Avrukh,B (2668)-Sanikidze,T (2600) Novi Sad 2009}) 11.
Nc3 Bd6 $5 {A less common move which had been tested successfully by the
'world champion' before in a blitz game.} (11... Nb6 12. Qd3 (12. Qb3 Nbd5 13.
Bd2 Nxc3 14. bxc3 Be4 15. Ne5 Bxg2 (15... c5 $2 16. Bxe4 Nxe4 17. Qxb7 Nxd2 18.
Nc6 Qd6 19. Nxe7+ Kh8 20. Rfd1 $16 {1/2 (63)-1/2 (63) Sargissian,G (2673)
-Svetushkin,D (2560) Rethymno 2010}) 16. Kxg2 Rb8 17. Nd3 Qc8 $1 {and I
believe after ...c5 Black should not have any difficulty.}) 12... Nbd5 13. Bg5
(13. Nxd5 Nxd5 14. Bd2 Nf6 15. Rfd1 Be4 16. Qb3 Bd5 17. Qe3 Rc8 {with equal
play}) 13... Nb4 14. Qd2 Ne4 15. Nxe4 Bxe4 {and Black has equalised.} 16. Qf4
Bc6 17. Bxe7 Qxe7 18. Rfc1 Rac8 (18... a5 $1) 19. Ra3 Qd6 20. a5 Qxf4 21. gxf4
Rfd8 $11 {1-0 (63) Rahman,Z (2492)-Babu,N (2339) Chennai 2004}) 12. e3 (12.
Rfe1 Bxf4 13. gxf4 Nb6 14. Qd3 Nbd5 15. e3 Nb4 (15... Nxc3 16. bxc3 Be4 17. Qf1
c5 {½-½ (33) Postny,E (2625)-Tang,A (2421) Kavala 2016, also looks good!})
16. Qd2 a5 17. Rac1 Qe7 18. Red1 Rfd8 19. Qe2 Bxf3 20. Bxf3 c6 {0-1 (52)
Ragger,M (2632) -Carlsen,M (2881) Dubai 2014, with equal play.}) ({In another
blitz battle between another two opening experts, one of whom was the world
championship finalist, the game took a different path:} 12. Bd2 Ne4 13. Nxe4
Bxe4 14. Ng5 Bxg2 15. Kxg2 Nf6 16. Qc2 Rc8 $5 (16... h6 17. Nf3 Qe7 18. e4 $14
Bb4 19. Bxb4 Qxb4 20. a5 Rac8 21. Rfc1 c5 22. Ra4 Qb5 23. Rc4 Qxa5 24. b4 Qb5
25. dxc5 Qc6 26. Rd4 Rfd8 27. Rcd1 Rxd4 28. Rxd4 a5 29. bxa5 Nd7 30. Rc4 Qb5
31. Nd4 Qa6 32. c6 bxc6 33. Rxc6 Rxc6 34. Qxc6 Qa7 35. Nb5 {1-0 (35) Gelfand,B
(2741)-Kasimdzhanov,R (2704) Berlin 2015}) 17. b4 e5 18. dxe5 Bxe5 19. Rad1 Qe7
20. e4 h6 21. Nf3 c5 22. bxc5 Rxc5 23. Qb3 a5 24. Bc1 Qe8 $1 {should be equal
too but it is not that easy.}) 12... Nb6 13. Qb3 Bxf4 14. gxf4 a5 15. Ne5 Bxg2
16. Kxg2 Nbd5 17. Rg1 {This came after some thought. There should be something
new here for Eljanov.} (17. Qxb7 Rb8 18. Qc6 Rb6 19. Qc4 Rxb2 {looks more
comfortable for Black.}) 17... Rc8 {Kramnik is playing enterprising chess and
opts for ...c5.} 18. Rac1 (18. Qxb7 Rb8 19. Qc6 Rb6 20. Qc4 Rxb2 {is worse
this time as the f2-pawn is not protected anymore.}) 18... Nb4 19. Qc4 g6 20.
Rgd1 c6 {Change of heart for both players. They have gone back to the centre
with a rigid pawn structure. It is hard to claim anything for either side.} 21.
Qe2 Qe7 22. Nc4 Qc7 23. Qf3 Nbd5 24. h4 {Eljanov decided to try something.}
Rfd8 25. b3 Nxc3 26. Rxc3 Qe7 27. Ne5 (27. Nxa5 $4 Qb4 $19) 27... Kg7 28. Kh3 {
White is not really pushing, but in an attempt to create something, Eljanov
managed to provoke Kramnik into 'trying' something as well.} c5 {A natural
reaction. White's king could become weak if Black manages to open up a central
file.} 29. Rdc1 b6 30. dxc5 Rxc5 31. Rxc5 bxc5 32. Nc6 Qb7 33. Kg2 Rd5 34. Nxa5
Qb4 35. Nc4 Qxb3 36. a5 {After a series of forced moves, the players reached
an 'almost' equal endgame. The knight on c4 is strong but it keeps White's
rook tied to c4 and while the a-pawn looks strong too, it is very much under
control.} Qa2 37. Kf1 Rh5 38. Qe2 Qb3 $2 (38... Qa4 {is necessary to stop the
a-pawn.} 39. Kg2 Rxh4 40. Qb2 Rg4+ 41. Kf3 Qc6+ 42. Ke2 Rg2 43. Ra1 Qa6 44. Kf1
(44. Ra4 $4 Rh2 {and White is losing as he cannot make any progress because}
45. Qb6 {loses to} Qa8 46. a6 Qg2) 44... Rg4 (44... Rh2 45. Kg1 Rh5 46. Ne5 {
and White dominates and wins!}) 45. Rc1 Qc6 46. Ne5 Qa6+ (46... Qg2+ 47. Ke2
Rg3 (47... Rh4 48. a6 Qxf2+ 49. Kxf2 Rh2+ 50. Ke1 Rxb2 51. Rxc5 Nd5 (51... Ra2
52. Rc7 Ne4 53. Rxf7+ Kg8 54. a7 Ra1+ 55. Ke2 Nc3+ 56. Kf3 Nb5 {and Black
should be able to hold this position}) 52. e4 Nxf4 53. Ra5 Ng2+ 54. Kf1 Ne3+
55. Kg1 Rb8 56. a7 Ra8 57. Nc6 Nc4 58. Rb5 Kf6 59. Rb8 Ne5 60. Rxa8 Nxc6 {
is a surprising draw too but it is very hard to find.}) 48. Rxc5 {does not
look as if Black has a concrete plan for counter play.}) 47. Nc4 {with a draw
as the most probable result.}) 39. Qc2 $2 (39. Qb2 Qd3+ 40. Kg1 Rxh4 (40... Qe4
41. f3 $3 {be my guest!} Qxf3 42. Qg2 Qxg2+ 43. Kxg2 Rd5 44. a6 Rd7 45. Ra1 Ra7
46. Nd6 Nd5 47. Nb5 Ra8 48. Kf3 {with very good winning chances for White.})
41. f3 $3 {is too insanely hard to see!} Rh5 (41... Qd5 42. Ne5 {and Black's
pieces are scattered around the board and the pin along the diagonal and the
a-pawn would tear them apart!}) 42. a6 Rd5 43. a7 Rd8 44. Qb7 $18 {another
counter-intuitive move! White's queen leaves its allegedly weakened king to
promote the a-pawn to yet another queen.}) 39... Qb7 40. Qb2 Qa8 41. Ke2 Rxh4
42. Rb1 {Time trouble is over and the dust has settled: we have a position
similar to the one analysed earlier on move 38.} Qg2 $6 {A blunder according
to Houdini and colleagues!} 43. Ne5 $6 {Returns the favour once again.} (43. a6
{wins in a collection of fantastic geometry and finesse. I really cannot
expect anyone to see all this unless their intuition leads them to the
solution. The following line, selected out of many possible ones is worthy of
study!} Rh2 (43... Rh3 44. Rf1 {same story} e5 45. Qxe5 Qf3+ 46. Ke1 Rh1 47.
Nd2 Rxf1+ 48. Nxf1 (48. Kxf1 $4 Qd1+ 49. Kg2 Qxd2 50. a7 Qd8 51. Qb8 Qd5+ {
and perpetual!}) 48... Qa8 49. Qa1 $3 {Sheer poetry, fantastic geometry!} c4
50. a7 c3 51. f5 $1 h5 (51... gxf5 52. Ng3 Kg6 53. Qa5 Nd5 54. Qa6+ f6 55. Qe6
Qxa7 56. Qg8+ Qg7 57. Qxd5 {and White wins!}) 52. fxg6 fxg6 53. Qa5 Nd5 54. e4
c2 55. Kd2 {and White wins! I can hardly blame Eljanov for missing all these
beautiful moves!}) 44. Rf1 Qd5 45. Ne5 {and surprisingly, it is once again
Black's pieces which are going to be torn apart. due to the pin and advanced
a-pawn.}) 43... c4 $1 {Kramnik fixes matters. Now Black is safe again!} 44. Qd4
$2 {A serious mistake!} (44. Nd7 Rxf4 45. exf4 Qe4+ {it was time to call it a
day.}) 44... c3 $1 45. a6 (45. Qxc3 {loses on the spot:} Ne4 $19) 45... c2 46.
Rc1 Rh1 $1 {Flawless technique by the ex-world champion} 47. Rxc2 Qf1+ 48. Kd2
Qd1+ $1 {Even better than ...Qxf2+ - great intuition!} 49. Kc3 Qa1+ 50. Kb3
Qxa6 {The a-pawn is gone, and with it all of White's hope! White's king has no
shelter and Black slowly but assuredly converted!} 51. Nc4 Rb1+ 52. Nb2 Ra1 53.
Rc5 Ra3+ 54. Kb4 Ra2 55. Qc3 Qb6+ 56. Rb5 Qd6+ 57. Rc5 Ra8 58. Nd3 Rb8+ 59. Ka4
Qa6+ 60. Ra5 Qb7 {The king is tied up and all White's pieces are defending
mating squares. Black just needs his knight.} 61. Nc5 Qb1 62. Ka3 Kg8 $1 {
Here comes the knight, unpinned!} 63. Nb3 (63. Qxf6 Qb4+ 64. Ka2 Qxa5+ 65. Na4
Qxa4#) 63... Nd5 {A sad loss for Eljanov when he actually could have won the
game! He really needed some intuition more than calculation but it is really
hard to have intuition when your king is not in the safest situation!} 0-1

[Event "Norway Chess 5th"]
[Site "Stavanger"]
[Date "2017.06.06"]
[Round "1"]
[White "Kramnik, Vladimir"]
[Black "Karjakin, Sergey"]
[Result "1/2-1/2"]
[WhiteElo "2808"]
[BlackElo "2781"]
[Annotator "Ramirez Alvarez,A"]
[PlyCount "88"]
[EventDate "2017.06.06"]
[EventType "tourn"]
[EventRounds "9"]
[EventCountry "NOR"]
[EventCategory "22"]
[SourceTitle "CBM 179"]
[Source "ChessBase"]
[SourceDate "2017.07.12"]
[SourceVersion "1"]
[SourceVersionDate "2017.07.12"]
[SourceQuality "1"]

1. e4 e5 2. Nf3 Nc6 3. Bc4 Bc5 4. O-O Nf6 5. d3 O-O 6. a4 a6 7. c3 d5 8. exd5
Nxd5 9. Nbd2 Kh8 10. Re1 f6 11. d4 Ba7 (11... exd4 12. Nb3 Ba7 13. Nbxd4 Nxd4
14. Nxd4 {Giri-Tomashevsky, September 2016 where White had the better of it.
White's pressure stems from the space advantage on the queenside and the
weakness on e6. It isn't very serious, and probably Black can hold with
precise play, but it's much more comfortable to play White.}) 12. dxe5 Nxe5 13.
Nxe5 fxe5 14. Nf3 (14. Ne4 {seems natural, but it releases the pressure on e5.
Nf3 is a bit more ambitious but it clearly has a couple of problems, mainly
the weakness on f2.}) 14... c6 (14... Bxf2+ {was already possible, but not
entirely clear} 15. Kxf2 Qh4+ 16. Kg1 Qxc4 17. Rxe5 {and after a forced
sequence White's position is still slightly more comfortable. His pieces are a
bit more active, even though again, Black should be ok.}) 15. Bg5 {Choices
aren't easy in chess, and Kramnik presents his opponent with three distinct
ones:} (15. Bxd5 $5 cxd5 16. Rxe5 Bg4 {looks a bit dodgy. White will retain
extra material (at least one pawn, more if he wants) but his structure on the
kingside will be shattered and his king permanently exposed. These kinds of
positions sometimes boil down to style, and Kramnik here prefers the
initiative.}) 15... Qb6 $6 {Not the most precise. Kramnik ditches the f2-pawn
for piece activity and central control.} (15... Bxf2+ 16. Kxf2 (16. Kh1 Qd6 17.
Re2 Be6 $1 18. Rxf2 e4 {is also wildly unclear}) 16... Qxg5 17. Kg1 Qd8 18.
Nxe5 $14 {seems to be a bit better for White.}) (15... Qd6 $5 {Keeping up the
defence of the e5-pawn; now for example:} 16. Bh4 $5 (16. Re4 Qg6 $1 17. Bxd5
cxd5 18. Rxe5 Bg4 19. Kh1 $1 {with a huge mess}) 16... Bg4 17. Bg3 Bxf3 18.
gxf3 Rf5 $13) 16. Bxd5 cxd5 (16... Qxf2+ 17. Kh1 cxd5 18. Qxd5 {with e5
falling next, White's king is much safer than Black's.}) 17. Be3 $1 Qxb2 18.
Bxa7 Rxa7 19. Qxd5 {Kramnik is a cunning trickster.} b6 (19... Qxc3 $2 20. Qd6
$1 Rg8 21. Qb8 {and the rook cannot be saved!}) 20. Rab1 $6 (20. Qc4 {the pawn
deserved to live. This move also threatens Ra2, winning on the spot} e4 $1 21.
Ra2 Rc7 22. Qxc7 Qxa2 23. Rxe4 $16) 20... Qxc3 21. Rxb6 Raf7 22. Qxe5 Qxe5 23.
Rxe5 {White is up a pawn in the resulting endgame, but because of the pressure
on f2, the superiority of a bishop over a knight, and the reduced amount of
pawns, winning is tough.} Bg4 24. Re3 Kg8 25. Ne5 (25. Rxa6 Bxf3 26. Rxf3 Rxf3
27. gxf3 Rxf3 {is a draw as the rook gets in behind the pawn.}) 25... Rxf2 26.
h3 Bc8 27. Nc6 Rf1+ 28. Kh2 R1f6 29. a5 h6 30. Ne7+ Kf7 31. Nc6 Kg8 32. Rc3 {
White retains some pressure, but now Black can neutralise it and Karjakin has
no problems doing so.} Kh7 33. Ne7 Bd7 34. Nd5 Rf5 35. Rd6 Bb5 36. Nc7 Bf1 37.
Rd7 Rf2 38. Rg3 R8f7 39. Rxf7 Rxf7 40. Rc3 Rf5 41. Rc1 Bd3 42. Rc3 Bf1 43. Rc1
Bd3 44. Rc3 Bf1 1/2-1/2